000 01310nam a2200337 a 4500
999 _c12313
_d12313
001 12313
003 BD-JhCC
005 20211021085039.0
008 120822s2012 njua 001 0 eng d
020 _a9781118228159 (pbk.)
020 _a1118228154 (pbk.)
035 _a(BD-JhCC)12313
040 _aUKMGB
_cUKMGB
_dBKX
_dIUK
_dBTCTA
_dBDX
_dCCE
_dDLC
_dBD-JhCC
041 0 _aeng
_afre
050 0 0 _aPC2129.E5
_bF745 2012
082 0 4 _a448.3/421
_223
_bFRE 2012.
245 0 0 _aFrench all-in-one for dummies /
_cby Eliane Kurbegov ... [et al.].
260 _aHoboken, NJ :
_bJohn Wiley & Sons,
_cc2012.
300 _axx, 695 p. :
_bill. ;
_c24 cm. +
_e1 sound disc (digital ; 4 3/4 in.)
490 1 _a--For dummies
500 _aIncludes compact disc.
500 _aIncludes index.
505 0 _aFrench for dummies -- Intermediate French for dummies -- French verbs for dummies -- French essentials for dummies -- French phrases for dummies -- French for dummies audio set.
650 0 _aFrench language
_vTextbooks for foreign speakers
_xEnglish.
650 0 _aFrench language
_vSound recordings for English speakers.
650 0 _aFrench language
_vSelf-instruction.
650 0 _aFrench language
_xDialects
_zCanada.
700 1 _aKurbegov, Eliane.
830 0 _a--For dummies.
942 _2ddc
_cBK